000 00513nam a2200193 a 4500
005 20250430063805.0
008 030618s1973 mx r 000 0 spa d
035 _aUPN01000126042
049 _aSEP
050 4 _aAC75
_bS4 no.79
100 1 _aElizondo, Salvador,
_d1932-2006
245 1 0 _aContextos /
_cSalvador Elizondo.
260 _aMéxico :
_bSEP,
_c1973.
300 _a191 p.
440 0 _aSepSetentas ;
_v79
650 4 _aEditores y publicaciones
_96095
650 4 _aPeriodismo
_910230
905 _aLibro
999 _c98221
_d98221